| 000 | 00627nam a22002297a 4500 | ||
|---|---|---|---|
| 003 | OSt | ||
| 005 | 20180116183008.0 | ||
| 008 | 150817b xxu||||| |||| 00| 0 eng d | ||
| 020 | _a9788120339088 | ||
| 022 | _a9788120339088 | ||
| 040 | _c0 | ||
| 050 | _a005.5 | ||
| 082 | _a005.5 | ||
| 100 | _aWindows Vista. | ||
| 245 |
_a2007 Microsoft Office System and Your Windows-Based PC. _bA real-life guide to getting more done. _cWindows Vista. |
||
| 260 |
_aNew Delhi _bPHI Learning. _c2009 |
||
| 300 | _a212p. | ||
| 500 | _aPaper Cover | ||
| 600 | _aWindows Vista. | ||
| 700 | _aWindows Vista. | ||
| 942 |
_2ddc _cBK _k005.5 |
||
| 999 |
_c350150 _d350150 |
||